000 00686nam a2200289Ia 4500
005 20260324143053.0
008 008 260324s9999 xx 000 0 eng d
020 _a9781315800165
037 _aEBOOK
040 _aCRL
040 _beng
040 _cCRL
041 _2eng
041 _aeng
084 _qCRL
100 _aJim Reilly
_91214272
245 0 _aShadowtime
245 0 _bHistory and Representation in Hardy, Conrad and George Eliot
260 _bTaylor and Francis
260 _c1993
365 _a
365 _b195
856 _uhttp://www.taylorfrancis.com/books/9781315800165
942 _cEBOOK
999 _c1819251
_d1819251